Länder mit zehn oder mehr Buchstaben - Statistiken

Allgemein
  • Dieses Quiz wurde 1.188 mal gespielt
    1.157 seit der letzten Aktualisierung
  • Das Durchschnittsergebnis liegt bei 13 aus 30
Antwortstatistiken
Briefe Antwort % Korrekt
13 Tadschikistan
68%
12 Turkmenistan
67%
10 Australien
66%
11 Deutschland
66%
10 Kasachstan
64%
10 Usbekistan
64%
11 Argentinien
63%
10 Neuseeland
62%
10 Indonesien
60%
11 Kirgisistan
57%
11 Afghanistan
54%
10 Frankreich
52%
14 Großbritannien
50%
11 Griechenland
47%
13 Aserbaidschan
42%
16 Äquatorialguinea
41%
11 Philippinen
41%
11 Weißrußland
38%
11 Niederlande
37%
10 Madagaskar
35%
10 Österreich
35%
11 Bangladesch
32%
11 Mauretanien
30%
14 Elfenbeinküste
27%
10 Kambodscha
27%
13 Liechtenstein
26%
10 Montenegro
24%
10 Mazedonien
21%
10 Tschechien
21%
10 Seychellen
16%
Keine übereinstimmenden Quizze gefunden
Verteilung der Resultate
Anzahl Personen mit jedem Resultat
Perzentil nach korrekt beantworteten Fragen
Ihre Resultats-Entwicklung
Sie haben dieses Quiz seit der letzten Aktualisierung nicht gespielt